000 00236nam a2200097Ia 4500
001 1100787
005 20250827003246.0
008 250824s9999 xx 000 0 und d
245 0 _aSATRANÇ
_cSTEFAN ZWEIG
260 _bİNDİGO YAYINLARI
999 _c1100787
_d1100787